Fr. Conceicao Rodrigues College of Engineering

Power Electronics systems:Theory and design (Record no. 19964)

MARC details
000 -LEADER
fixed length control field 00395nam a2200169Ia 4500
082 ## - DEWEY DECIMAL CLASSIFICATION NUMBER
Classification number 621.317
Item number AGR
100 ## - MAIN ENTRY--PERSONAL NAME
Personal name Agrawal/Jai P
245 ## - TITLE STATEMENT
Title Power Electronics systems:Theory and design
260 ## - PUBLICATION, DISTRIBUTION, ETC.
Name of publisher, distributor, etc. Pearson Education
Date of publication, distribution, etc. 2001
366 ## - TRADE AVAILABILITY INFORMATION
Publishers's discount category 25
300 ## - PHYSICAL DESCRIPTION
Extent 544
546 ## - LANGUAGE NOTE
Language note ENGLISH
-- PAMPHALETS
650 ## - SUBJECT ADDED ENTRY--TOPICAL TERM
Topical term or geographic name entry element Power electronics
654 ## - SUBJECT ADDED ENTRY--FACETED TOPICAL TERMS
Focus term power electronics
942 ## - ADDED ENTRY ELEMENTS (KOHA)
Koha item type BOOK
Holdings
Withdrawn status Lost status Damaged status Not for loan Collection Home library Current library Date acquired Source of acquisition Cost, normal purchase price Inventory number Total Checkouts Full call number Barcode Date last seen Cost, replacement price Price effective from Koha item type
        CRC Fr. Agnel's C.Rodrigues College of Engineering Fr. Agnel's C.Rodrigues College of Engineering 17/03/2023 Allied Publishers 498.75 6211 dt 30.07.2015   621.317 AGR 23730 17/03/2023 665.00   BOOK
        CRC Fr. Agnel's C.Rodrigues College of Engineering Fr. Agnel's C.Rodrigues College of Engineering 17/03/2023 Allied Publishers 498.75 666 dt 07.08.2015   621.317 AGR 23760 17/03/2023 665.00   BOOK
        CRC Fr. Agnel's C.Rodrigues College of Engineering Fr. Agnel's C.Rodrigues College of Engineering 17/03/2023 Allied Publishers 498.75 666 dt 07.08.2015   621.317 AGR 23761 17/03/2023 665.00   BOOK
        CRC Fr. Agnel's C.Rodrigues College of Engineering Fr. Agnel's C.Rodrigues College of Engineering 17/03/2023 Allied Publishers 498.75 666 dt 07.08.2015   621.317 AGR 23762 17/03/2023 665.00   BOOK
        CRC Fr. Agnel's C.Rodrigues College of Engineering Fr. Agnel's C.Rodrigues College of Engineering 17/03/2023 Allied Publishers 498.75 666 dt 07.08.2015   621.317 AGR 23763 17/03/2023 665.00   BOOK